|
|
|
|
| LEADER |
00000nam0a2200000 4500 |
| 001 |
114222 |
| 005 |
20231101215159.0 |
| 010 |
|
|
|a 5280015210
|
| 010 |
|
|
|a 5-280-01520-2
|
| 020 |
|
|
|a RU
|b 91-53527
|
| 035 |
|
|
|a (RuTPU)RU\TPU\book\123524
|
| 090 |
|
|
|a 114222
|
| 100 |
|
|
|a 20070420d1991 m y0rusy5003 ca
|
| 101 |
0 |
|
|a rus
|
| 102 |
|
|
|a RU
|
| 105 |
|
|
|a c z 001ay
|
| 200 |
1 |
|
|a Собрание сочинений
|e в 6 т.
|h Т. 1: Произведения 1889-1900
|f А. И. Куприн
|g сост. С. И. Чупринин
|
| 210 |
|
|
|a Москва
|c Художественная литература
|d 1991
|
| 215 |
|
|
|d 21 см
|a 524 с.
|c ил.
|
| 320 |
|
|
|a Примечания: с. 489-522.
|
| 610 |
1 |
|
|a русская литература
|
| 610 |
1 |
|
|a повести
|
| 610 |
1 |
|
|a рассказы
|
| 675 |
|
|
|a Р1
|z rus
|v 3
|
| 700 |
|
1 |
|a Куприн
|b А. И.
|c русский писатель
|f 1870-1960
|g Александр Иванович
|2 stltpush
|3 (RuTPU)RU\TPU\pers\1015
|9 448
|
| 702 |
|
1 |
|a Чупринин
|b С. И.
|4 220
|
| 801 |
|
0 |
|a RU
|b RuMRKP
|c 19950417
|g psbo
|
| 801 |
|
1 |
|a RU
|b 63413507
|c 20070420
|g PSBO
|
| 801 |
|
2 |
|a RU
|b 63413507
|c 20130405
|g PSBO
|
| 942 |
|
|
|c BK
|